[Event "Chicago Open"]
[Site "Wheeling, IL"]
[Date "2011.05.30"]
[Round "8"]
[White "Zin, Aung"]
[Black "Vibbert, Sean"]
[Result "0-1"]
[WhiteElo "2295"]
[BlackElo "2130"]
[PlyCount "129"]
[EventDate "2011.05.??"]
[EventType "swiss"]
[EventRounds "9"]
[EventCountry "USA"]
[Source "MonRoi"]

1. c4 e6 2. Nc3 Nf6 3. e4 d5 4. e5 Nfd7 5. d4 dxc4 6. Bxc4 Nb6 7. Bd3 Bd7 8.
Nf3 Bc6 9. Be3 Nd5 10. O-O Nd7 11. Qe2 N7b6 12. Rac1 Qd7 13. Ne4 Nb4 14. Rfd1
Nxd3 15. Qxd3 Bxe4 16. Qxe4 Qd5 17. Qc2 c6 18. a3 h6 19. Nd2 Be7 20. Ne4 Qd7
21. Qe2 Nd5 22. Qg4 g6 23. Qf3 Kf8 24. Rd3 Kg7 25. Bd2 Raf8 26. Qe2 Qd8 27. Rb3
Nb6 28. a4 Qxd4 29. a5 Nd5 30. Rxb7 Rb8 31. Bc3 Nf4 32. Qf3 Qd3 33. Rxb8 Qxf3
34. gxf3 Rxb8 35. Rd1 Rd8 36. Rxd8 Bxd8 37. Kf1 Nd5 38. Bd2 g5 39. Ke2 Bc7 40.
Nd6 Bxd6 41. exd6 Kf8 42. Kd3 Ke8 43. Kc4 Kd7 44. Kc5 Nf6 45. b4 g4 46. b5 cxb5
47. Kxb5 gxf3 48. Ka6 Ne4 49. Be3 Nxd6 50. Bxh6 Nc4 51. Kb5 Ne5 52. h3 f5 53.
Be3 Nc6 54. a6 e5 55. Kc5 f4 56. Bd2 Ne7 57. h4 Ke6 58. h5 Nf5 59. Bc1 e4 60.
Bd2 e3 61. Be1 Nh6 62. Kd4 Ng4 63. Ke4 exf2 64. Bxf2 Nxf2+ 65. Kxf3 0-1

[Event "Chicago Open"]
[Site "Wheeling, IL"]
[Date "2011.05.30"]
[Round "8"]
[White "Homa, Seth"]
[Black "Veech, John"]
[Result "1-0"]
[WhiteElo "2275"]
[BlackElo "2108"]
[PlyCount "121"]
[EventDate "2011.05.??"]
[EventType "swiss"]
[EventRounds "9"]
[EventCountry "USA"]
[Source "MonRoi"]

1. e4 c5 2. c3 d6 3. d4 Nf6 4. Bd3 g6 5. h3 Bg7 6. Nf3 O-O 7. O-O Qc7 8. Re1
Rd8 9. Nbd2 a6 10. a4 b6 11. Nf1 Bb7 12. Qe2 Nbd7 13. Bg5 h6 14. Bh4 Nf8 15.
Bg3 Nh5 16. Bh2 Ne6 17. Qe3 Qd7 18. Red1 b5 19. N1d2 Rac8 20. axb5 axb5 21. Ra5
Nc7 22. Bf1 Qc6 23. Rda1 Ra8 24. Rxa8 Rxa8 25. Rxa8+ Bxa8 26. dxc5 dxc5 27.
Bxc7 Qxc7 28. Bxb5 Qb6 29. Qd3 Kh7 30. Qc4 Qa5 31. Ba4 Nf4 32. Nb3 Qb6 33. Qxc5
Qe6 34. Qe3 Qxe4 35. Qxe4 Bxe4 36. Ne1 f5 37. Nc5 Bd5 38. Bb5 e5 39. f3 e4 40.
fxe4 fxe4 41. Nc2 g5 42. Ne3 Ba8 43. Bd7 Ne2+ 44. Kf2 Nxc3 45. bxc3 Bxc3 46.
Bf5+ Kg7 47. Bxe4 Bxe4 48. Nxe4 Bd4 49. Kf3 Kg6 50. Nd6 Bc5 51. Nec4 Bd4 52.
Ke4 Bg7 53. Ne5+ Kh7 54. Kf5 Bf8 55. Ne8 Bb4 56. Nf6+ Kg7 57. Nh5+ Kh7 58. Ng4
Bc5 59. Ngf6+ Kh8 60. Kg6 Bf8 61. Ng4 1-0

[Event "Chicago Open"]
[Site "Wheeling, IL"]
[Date "2011.05.30"]
[Round "8"]
[White "Jones, Craig"]
[Black "Weiner, Zachary"]
[Result "1/2-1/2"]
[WhiteElo "2244"]
[BlackElo "1997"]
[PlyCount "106"]
[EventDate "2011.05.??"]
[EventType "swiss"]
[EventRounds "9"]
[EventCountry "USA"]
[Source "MonRoi"]

1. Nf3 g6 2. c4 Bg7 3. Nc3 d6 4. e4 Nc6 5. Be2 e5 6. O-O Nge7 7. Nd5 O-O 8. b4
Nxd5 9. cxd5 Nxb4 10. a3 Nxd5 11. exd5 e4 12. Rb1 exf3 13. Bxf3 Re8 14. Qa4 Bd7
15. Qf4 Be5 16. Qh6 Bg7 17. Qf4 Be5 18. Qh6 Qf6 19. d4 Bxd4 20. Rxb7 Bb6 21.
Qd2 Bc8 22. Bb2 Qe7 23. Rxb6 axb6 24. g4 f6 25. g5 fxg5 26. Rc1 Bh3 27. Qc3 Qe5
28. Qxe5 dxe5 29. Rxc7 Rad8 30. Bd1 Rxd5 31. Bb3 Red8 32. Bxe5 Kf8 33. Bg7+ Ke8
34. Bxd5 Rxd5 35. f3 Rd3 36. Rc3 Rd2 37. f4 Rg2+ 38. Kh1 g4 39. Rg3 Rd2 40. Bc3
Rc2 41. Be1 Re2 42. Bc3 Kd7 43. Bd4 b5 44. Ba7 Re4 45. Rd3+ Ke6 46. Re3 Kf5 47.
Rxe4 Kxe4 48. Bb8 Kf3 49. Kg1 h5 50. Bc7 Bg2 51. Bd6 h4 52. Be7 h3 53. Bd6 Ke2
1/2-1/2

[Event "Chicago Open"]
[Site "Wheeling, IL"]
[Date "2011.05.30"]
[Round "9"]
[White "Gareyev, Timur"]
[Black "Gelashvili, Tamaz"]
[Result "1-0"]
[WhiteElo "2610"]
[BlackElo "2611"]
[PlyCount "77"]
[EventDate "2011.05.??"]
[EventType "swiss"]
[EventRounds "9"]
[EventCountry "USA"]
[Source "MonRoi"]

1. d4 Nf6 2. c4 e6 3. Nf3 d5 4. Nc3 Bb4 5. cxd5 exd5 6. Qa4+ Nc6 7. Bg5 h6 8.
Bxf6 Qxf6 9. e3 O-O 10. Be2 a6 11. a3 Bxc3+ 12. bxc3 Bg4 13. c4 dxc4 14. Qxc4
Qd6 15. O-O Be6 16. Qc2 Rfe8 17. Bd3 Na5 18. Nd2 Rec8 19. Ne4 Qe7 20. Nc5 b6
21. Nxe6 fxe6 22. Qe2 c5 23. Bxa6 Rc7 24. Rab1 Qd6 25. Bd3 c4 26. Bc2 Nb3 27.
Bxb3 cxb3 28. Rxb3 Rxa3 29. Rb5 Ra5 30. Rfb1 Rxb5 31. Qxb5 Rc2 32. h4 Qd8 33.
h5 Qf6 34. Rf1 Rc8 35. Qxb6 Qf5 36. Qd6 Rf8 37. Qc5 Qe4 38. Rc1 Qh4 39. f4 1-0

[Event "Chicago Open"]
[Site "Wheeling, IL"]
[Date "2011.05.30"]
[Round "9"]
[White "Amanov, Mesgen"]
[Black "Arnold, Marc"]
[Result "1/2-1/2"]
[WhiteElo "2509"]
[BlackElo "2432"]
[PlyCount "52"]
[EventDate "2011.05.??"]
[EventType "swiss"]
[EventRounds "9"]
[EventCountry "USA"]
[Source "MonRoi"]

1. d4 Nf6 2. c4 c5 3. d5 b5 4. cxb5 a6 5. bxa6 g6 6. Nc3 Bxa6 7. g3 d6 8. Bg2
Bg7 9. Nf3 Nbd7 10. Rb1 Nb6 11. b3 Bc8 12. Nh4 h6 13. Qc2 Qd7 14. Bb2 O-O 15.
O-O g5 16. Nf3 Qf5 17. e4 Qg6 18. Rfc1 Nfxd5 19. exd5 Bf5 20. Qd1 Bxc3 21. Bxc3
Bxb1 22. Rxb1 Rxa2 23. Rc1 Qf5 24. Be1 Rfa8 25. h4 Qf6 26. Bc3 Qf5 1/2-1/2

[Event "Chicago Open"]
[Site "Wheeling, IL"]
[Date "2011.05.30"]
[Round "9"]
[White "Holt, Conrad"]
[Black "Kacheishvili, Giorgi"]
[Result "1/2-1/2"]
[WhiteElo "2417"]
[BlackElo "2599"]
[PlyCount "42"]
[EventDate "2011.05.??"]
[EventType "swiss"]
[EventRounds "9"]
[EventCountry "USA"]
[Source "MonRoi"]

1. d4 Nf6 2. c4 e6 3. Nc3 c5 4. d5 exd5 5. cxd5 d6 6. e4 g6 7. h3 Bg7 8. Nf3
O-O 9. Bd3 b5 10. Bxb5 Nxe4 11. Nxe4 Qa5+ 12. Nfd2 Qxb5 13. Nxd6 Qa6 14. N2c4
Nd7 15. O-O Ne5 16. Nxc8 Raxc8 17. Nxe5 Bxe5 18. Re1 Qd6 19. Bh6 Rfd8 20. Qe2
Bd4 21. Rad1 Qxd5 1/2-1/2

[Event "Chicago Open"]
[Site "Wheeling, IL"]
[Date "2011.05.30"]
[Round "9"]
[White "Adu, Oladapo"]
[Black "Naroditsky, Daniel"]
[Result "0-1"]
[WhiteElo "2295"]
[BlackElo "2472"]
[PlyCount "106"]
[EventDate "2011.05.??"]
[EventType "swiss"]
[EventRounds "9"]
[EventCountry "USA"]
[Source "MonRoi"]

1. Nf3 Nf6 2. g3 g6 3. Bg2 Bg7 4. O-O O-O 5. d3 d6 6. e4 c5 7. Nbd2 Nc6 8. Re1
Rb8 9. a4 Bg4 10. h3 Bxf3 11. Nxf3 Nd7 12. Nd2 a6 13. f4 b5 14. axb5 axb5 15.
c3 b4 16. e5 bxc3 17. bxc3 Qc7 18. Ra6 Rb6 19. Qa4 Rxa6 20. Qxa6 Ndb8 21. exd6
Qxd6 22. Qc4 Na5 23. Qd5 Qxd5 24. Bxd5 e6 25. Ba2 Bxc3 26. Rd1 Nbc6 27. Ne4
Bd4+ 28. Kf1 Nb4 29. Bd2 Ra8 30. Bxb4 cxb4 31. Rb1 Rb8 32. Nd2 Bc3 33. Ne4 Bd4
34. Nd2 Bc3 35. Ne4 Bg7 36. Nd2 Rd8 37. Ke2 Nc6 38. Bc4 Nd4+ 39. Kd1 Bf8 40.
Ra1 Nf5 41. Nf1 h5 42. h4 Rb8 43. Rb1 Bc5 44. Ke2 b3 45. Ke1 b2 46. Kd1 Bf2 47.
Kc2 Bxg3 48. Nxg3 Nxg3 49. Rxb2 Rxb2+ 50. Kxb2 Ne2 51. f5 gxf5 52. Bb3 f4 53.
Bd1 f3 0-1

[Event "Chicago Open"]
[Site "Wheeling, IL"]
[Date "2011.05.30"]
[Round "9"]
[White "Mandiza, Farai"]
[Black "Hendrickson, Nolan"]
[Result "1-0"]
[WhiteElo "2412"]
[BlackElo "2160"]
[PlyCount "65"]
[EventDate "2011.05.??"]
[EventType "swiss"]
[EventRounds "9"]
[EventCountry "USA"]
[Source "MonRoi"]

1. g3 Nf6 2. Bg2 g6 3. Nf3 Bg7 4. O-O O-O 5. d4 d6 6. a4 Nbd7 7. a5 e5 8. c4
Re8 9. Nc3 exd4 10. Nxd4 a6 11. h3 Nc5 12. g4 Bd7 13. Bg5 Qc8 14. Bh4 Ne6 15.
e3 h6 16. b4 Nxd4 17. exd4 Nh7 18. Rc1 f5 19. f3 g5 20. Bf2 Nf8 21. Ne2 Ng6 22.
Re1 Rf8 23. Rc3 Rf7 24. Qc2 fxg4 25. Qxg6 gxh3 26. Bf1 Bf5 27. Qh5 Qd7 28. Ng3
Bg4 29. Qxg4 Qxg4 30. fxg4 Rxf2 31. Kxf2 Bxd4+ 32. Rce3 Rf8+ 33. Nf5 1-0

[Event "Chicago Open"]
[Site "Wheeling, IL"]
[Date "2011.05.30"]
[Round "9"]
[White "Andrews, Todd"]
[Black "Moorthy, Srinivas"]
[Result "0-1"]
[WhiteElo "2291"]
[BlackElo "1890"]
[PlyCount "61"]
[EventDate "2011.05.??"]
[EventType "swiss"]
[EventRounds "9"]
[EventCountry "USA"]
[Source "MonRoi"]

1. e4 c6 2. d4 d5 3. exd5 cxd5 4. c4 Nf6 5. Nc3 Nc6 6. Bg5 e6 7. Nf3 Be7 8. Bd3
O-O 9. O-O dxc4 10. Bxc4 b6 11. Re1 Bb7 12. a3 Nd5 13. Bd2 Nxc3 14. bxc3 Na5
15. Bd3 Rc8 16. Ne5 g6 17. Qg4 Bf6 18. h4 Bxe5 19. Rxe5 Nc4 20. Bxc4 Rxc4 21.
h5 Bd5 22. Rae1 Qd7 23. R1e3 Ra4 24. Rh3 Rxa3 25. Qh4 Ra1+ 26. Kh2 a5 27. Bh6
Qd8 28. Bg5 Qd7 29. Be7 f6 30. Bxf8 Kxf8 31. hxg6 0-1

[Event "Chicago Open"]
[Site "Wheeling, IL"]
[Date "2011.05.30"]
[Round "9"]
[White "Iwu, Okechukwu"]
[Black "Jones, Craig"]
[Result "1/2-1/2"]
[WhiteElo "2158"]
[BlackElo "2244"]
[PlyCount "98"]
[EventDate "2011.05.??"]
[EventType "swiss"]
[EventRounds "9"]
[EventCountry "USA"]
[Source "MonRoi"]

1. d4 e6 2. Nf3 c5 3. e3 Nf6 4. Bd3 Nc6 5. O-O Be7 6. c3 b6 7. Nbd2 Qc7 8. Re1
Bb7 9. Nf1 a6 10. Ng3 h5 11. h4 Ng4 12. e4 g5 13. Bxg5 Bxg5 14. Nxg5 cxd4 15.
Rc1 f6 16. Nf3 dxc3 17. Rxc3 Qf4 18. Qd2 Qxd2 19. Nxd2 Ke7 20. Nf3 Rag8 21. Bf1
Nge5 22. Nxe5 fxe5 23. Be2 Nd4 24. Bd1 b5 25. a4 bxa4 26. Rc5 Kd6 27. Ra5 Rf8
28. Nxh5 Rc8 29. f4 Rc1 30. fxe5+ Ke7 31. Nf4 Bxe4 32. Rxa4 Rxh4 33. Rxe4 Rxd1+
34. Kf2 Rxf4+ 35. Rxf4 Nc6 36. Rfe4 a5 37. Ra3 Rd5 38. Rae3 Nb4 39. Ke2 Rb5 40.
b3 Rc5 41. Rc4 Rd5 42. Kf3 Nd3 43. Rce4 Kf7 44. Kg3 Kg6 45. Kh4 Kf5 46. g3 Kg6
47. Rg4+ Kh6 48. Rg5 Rd4+ 49. Rg4 Rd5 1/2-1/2